Reprodukcia pracovnej sily SR

V súčasnom období predstavuje pre Európu najväčší problém pretrvávajúca vysoká miera nezamestnanosti, z dlhodobého hľadiska je nemenej významným problémom nepriaznivý demografický vývoj v mnohých vyspelých krajinách Európy. Veková štruktúra populácie SR. Prírastok populácie SR. Pokles pôrodnosti a z...

Full description

Saved in:
Bibliographic Details
Main Author: Tkáč, Miroslav, 1987-
Format: Book Chapter
Language:Slovak
Subjects:
Tags: Add Tag
No Tags, Be the first to tag this record!

MARC

LEADER 00000nla a2200000 4500
001 0172026
005 20240502072941.2
041 0 |a slo 
044 |a SK 
245 1 0 |a Reprodukcia pracovnej sily SR  |c Miroslav Tkáč 
520 |a V súčasnom období predstavuje pre Európu najväčší problém pretrvávajúca vysoká miera nezamestnanosti, z dlhodobého hľadiska je nemenej významným problémom nepriaznivý demografický vývoj v mnohých vyspelých krajinách Európy. Veková štruktúra populácie SR. Prírastok populácie SR. Pokles pôrodnosti a zmenšovanie podielu predproduktívnej zložky populácie sa začína prejavovať aj v SR. 
610 2 0 |a reprodukcia sily pracovnej 
610 2 0 |a Slovensko 
610 2 0 |a pôrodnosť 
610 2 0 |a starnutie populácie 
610 2 0 |a vek predproduktívny 
610 2 0 |a vek postproduktívny 
100 1 |a Tkáč, Miroslav, 1987-